El Atractivo del IVA /
Na minha lista:
| Autor principal: | |
|---|---|
| Outros Autores: | , , |
| Formato: | Texto |
| Assuntos: | |
| Tags: |
Adicionar Tag
Sem tags, seja o primeiro a adicionar uma tag!
|
MARC
| LEADER | 00000 a a2200000 04500 | ||
|---|---|---|---|
| 001 | 8067 | ||
| 003 | |||
| 040 | |||
| 100 | |a Ebrill, Liam | ||
| 245 | |a El Atractivo del IVA / |c Liam Ebrill ; Michael Keen ; Jean - Paul Bodin ; Victoria Summer | ||
| 650 | |a IMPUESTOS AL VALOR AGREGADO | ||
| 650 | |a EVALUACION | ||
| 650 | |a PAISES EN DESARROLLO | ||
| 700 | |a Keen, Michael | ||
| 700 | |a Bodin, Jean - Paul | ||
| 700 | |a Summer, Victoria | ||
| 773 | |g volumen 39, número 2; páginas 44-47 | ||
| 999 | |c 31420 |d 31420 | ||
